| 000 | 00468nam a22001697a 4500 | ||
|---|---|---|---|
| 005 | 20251108164327.0 | ||
| 008 | 250721s1967 xx 000 0 ara d | ||
| 082 | 1 | 4 | _a811.9/بدر |
| 100 | 1 | _aالسياب، بدر شاكر | |
| 245 | 1 | 0 | _aأزهار و أساطير / |
| 264 | 1 |
_aبيروت : _bمكتبة الحياه، _c1967. |
|
| 300 | _a158ص | ||
| 650 | 1 | 7 | _aالشعر العربي |
| 650 | 1 | 7 | _aالعصر الحديث |
| 942 |
_2ddc _cBK |
||
| 999 |
_c9406 _d9406 |
||